| 000 | 00506nam a22001577a 4500 | ||
|---|---|---|---|
| 008 | 160823b xxu||||| |||| 00| 0 eng d | ||
| 020 | _a9712711633 | ||
| 082 |
_22002 _aDFil 899.2113 _bR52 |
||
| 100 |
_913546 _aRizal, Jose |
||
| 245 |
_aNoli me tangere/ _cJose Rizal |
||
| 260 |
_aPasig City: _bAnvil Publishing Inc., _cc2002. |
||
| 300 |
_aiii, 375 pages: _c23 cm. |
||
| 650 | 0 |
_913550 _aPhilippines -- History -- 1812-1898 -- Fiction |
|
| 700 |
_913551 _aGuerrero, Leon Ma. _eTranslator |
||
| 942 |
_2ddc _cDFIL |
||
| 999 |
_c4068 _d4068 |
||